Stepford county railway stations served by Waterline - Statistics

General Stats
  • This quiz has been taken 35 times
  • The average score is 18 of 20
Answer Stats
Station % Correct
Morganstown
100%
Airport West
92%
Benton
92%
Cambridge St. Parkway
92%
Connolly
92%
Eden Quay
92%
Esterfield
92%
Farleigh
92%
Greenslade
92%
Morganstown Docks
92%
Newry
92%
Newry Harbour
92%
Port Benton
92%
Rosedale Village
92%
Terminal 2
92%
West Benton
92%
Whitney Green
92%
Ashlan Park
85%
Faraday Road
85%
James Street
77%
No matching quizzes found
Score Distribution
Percent of People with Each Score
Percentile by Number Answered
Your Score History
You have not taken this quiz